header

Implementing safety management systems in aviation (Record no. 215029)

MARC details
000 -LEADER
fixed length control field 01597nam a2200385 a 4500
082 04 - DEWEY DECIMAL CLASSIFICATION NUMBER
Classification number 387.7068/3
100 1# - MAIN ENTRY--AUTHOR NAME
Personal name Stolzer, Alan J.,
245 10 - TITLE STATEMENT
Title Implementing safety management systems in aviation
260 ## - PUBLICATION, DISTRIBUTION, ETC. (IMPRINT)
Place of publication Surrey, England ;
-- Burlington, Vt. :
Name of publisher Ashgate,
Year of publication c2011.
300 ## - PHYSICAL DESCRIPTION
Number of Pages li, 411 p. :
Other physical details ill.
490 1# - SERIES STATEMENT
Series statement Ashgate studies in human factors for flight operations
650 #0 - SUBJECT ADDED ENTRY--TOPICAL TERM
Topical Term Aeronautics
Topical Term Aeronautics
Topical Term System safety.
Topical Term Safety education.
700 1# - ADDED ENTRY--PERSONAL NAME
Personal name Halford, Carl D.,
Personal name Goglia, John Joseph,
856 40 - ELECTRONIC LOCATION AND ACCESS
Uniform Resource Identifier http://site.ebrary.com/lib/rucke/Doc?id=10470866

No items available.

© 2026 Rongo University
Contact us: librarian | system librarian | Rongo university